000
00284nam a22001337a 4500
008
170921b xxu||||| |||| 00| 0 eng d
020
_a
9780131455290
041
_a
eng
080
_2
2nd
_a
7
100
_a
45
101
_a
ART
245
_a
ART HISTORY
_c
STOKSTAD,M
942
_2
udc
_c
BK
999
_c
28659
_d
28659